Optimistické vyhliadky umeleckého školstva

Bibliographic Details
Main Authors: Olejčík, Juraj (Author), Olejček, Juraj (Author)
Format: Article
Language:Slovak
Subjects:

MARC

LEADER 00000nab a2200000 a 4500
001 vtls000391506
003 SK-MaSNL
005 20260303231056.0
008 140301c1990 xo 0 slo
015 |a SNBRB19rr/mm-uuuuu 
035 |a CL0391630 
040 |a SNKBUCL  |b slo  |c SNKBUCL  |e AACR2 
041 0 |a slo 
044 |a xo  |c SK 
080 |a 374.3  |2 1981 
100 1 |a Olejčík, Juraj  |4 aut  |9 1265732 
245 1 0 |a Optimistické vyhliadky umeleckého školstva  |c Juraj Olejčík ; Juraj Olejček 
650 0 7 |a školy umenia ľudové  |2 snkbucl  |9 923889 
650 0 7 |a umelecké školy  |2 snkbucl  |9 29319 
655 7 |a články z novín a časopisov  |2 snkbucl  |9 267496 
700 1 |a Olejček, Juraj  |4 aut  |9 1265733 
773 0 |t Učiteľské noviny  |g Roč. 40, č. 23 (1990), s. 12 
850 |a Slovenská národná knižnica v Martine  |a MTA001 
852 |a SNK  |b KIS3GCP 
958 |a RK 
992 |a RBX 
999 |c 2265065  |d 2266995